| 000 | 00480nam a2200181 a 4500 | ||
|---|---|---|---|
| 005 | 20240924071122.0 | ||
| 008 | 020618s2001 es r 000 0 spa d | ||
| 020 | _a8403092091 | ||
| 035 | _aUPN01000117885 | ||
| 049 | _aCG | ||
| 050 | 4 |
_aPQ6669 A8 _bA3.2 |
|
| 100 | 1 |
_aSavater, Fernando, _d1947- |
|
| 245 | 1 | 0 |
_aA caballo entre milenios / _cFernando Savater. |
| 260 |
_aMadrid : _bAguilar, _c2001. |
||
| 300 | _a363 p. | ||
| 650 | 4 |
_aLiteratura espaƱola _95069 |
|
| 905 | _aLibro | ||
| 999 |
_c90303 _d90303 |
||